000 00609nam a22002297a 4500
003 UA-OsUOA
001 42709
007 ta
008 20090310b un ||||| |||| 00| 0 ukr d
090 _a09.-017
_bК29
942 _cBK
040 _aUA-OsUOA
_bukr
_cUA-OsUOA
_dUA-OsUOA
245 _aКаталог українських поштових марок 1950
300 _a160 с.
955 _a1
041 _aukr
080 _a09.-017
260 _aУльм-Донау
_c1950
246 3 1 _aЧ.2
_nНедержавні випуски
650 7 _a0 Загальний відділ.
_2UDC
999 _c441207
_d441207